<?xml version="1.0" encoding="UTF-8"?>
<record
    xmlns:xsi="http://www.w3.org/2001/XMLSchema-instance"
    xsi:schemaLocation="http://www.loc.gov/MARC21/slim http://www.loc.gov/standards/marcxml/schema/MARC21slim.xsd"
    xmlns="http://www.loc.gov/MARC21/slim">

  <leader>00352nam a22001337a 4500</leader>
  <controlfield tag="001">9789870433613</controlfield>
  <controlfield tag="003">AR-BeUNQ</controlfield>
  <controlfield tag="005">20220621161545.0</controlfield>
  <datafield tag="245" ind1=" " ind2=" ">
    <subfield code="a">Historias de cronopios y de famas</subfield>
    <subfield code="c">Julio Cort&#xE1;zar</subfield>
    <subfield code="h">libro</subfield>
  </datafield>
  <datafield tag="250" ind1="0" ind2="8">
    <subfield code="a">1a.ed.</subfield>
  </datafield>
  <datafield tag="260" ind1=" " ind2=" ">
    <subfield code="a">CABA :</subfield>
    <subfield code="b">Aguilar, </subfield>
    <subfield code="c">2014</subfield>
  </datafield>
  <datafield tag="490" ind1=" " ind2=" ">
    <subfield code="a">Edicion especial para el Ministerio de Educaci&#xF3;n. </subfield>
  </datafield>
  <datafield tag="942" ind1=" " ind2=" ">
    <subfield code="c">LIB</subfield>
  </datafield>
  <datafield tag="999" ind1=" " ind2=" ">
    <subfield code="c">264</subfield>
    <subfield code="d">264</subfield>
  </datafield>
  <datafield tag="952" ind1=" " ind2=" ">
    <subfield code="0">0</subfield>
    <subfield code="1">0</subfield>
    <subfield code="7">0</subfield>
    <subfield code="a">BIBESET</subfield>
    <subfield code="b">BIBESET</subfield>
    <subfield code="c">sala</subfield>
    <subfield code="d">2019-06-26</subfield>
    <subfield code="l">0</subfield>
    <subfield code="o">A863 / COR EJ1</subfield>
    <subfield code="p">58027</subfield>
    <subfield code="r">2022-06-21</subfield>
    <subfield code="w">2022-06-21</subfield>
    <subfield code="y">LIB</subfield>
  </datafield>
  <datafield tag="952" ind1=" " ind2=" ">
    <subfield code="0">0</subfield>
    <subfield code="1">0</subfield>
    <subfield code="7">0</subfield>
    <subfield code="a">BIBESET</subfield>
    <subfield code="b">BIBESET</subfield>
    <subfield code="c">sala</subfield>
    <subfield code="d">2019-06-26</subfield>
    <subfield code="l">0</subfield>
    <subfield code="o">A863 / COR EJ2</subfield>
    <subfield code="p">58028</subfield>
    <subfield code="r">2022-06-21</subfield>
    <subfield code="w">2022-06-21</subfield>
    <subfield code="y">LIB</subfield>
  </datafield>
</record>
